| Поле | Название | Значение |
| |
Тип записи |
a |
| |
Библиографический уровень |
m |
| 001 |
Контрольный номер |
RU/URAIT/583259 |
| 005 |
Дата корректировки |
20260429163644.0 |
| 008 |
Кодируемые данные |
260429s2026 RU y f j 000 0 rus u |
| 020 |
Индекс ISBN |
__ |
| a |
ISBN |
978-5-534-16079-6 |
| c |
Цена, тираж |
2619.00 |
| 040 |
Источник каталогиз. |
__ |
| a |
Служба первич. каталог. |
ИКО Юрайт |
| c |
Служба, преобразующая запись |
ИКО Юрайт |
| e |
Правила каталог. |
RCR |
| 041 |
Код языка издания |
__ |
| a |
Код языка текста |
rus |
| 044 |
Код страны публикации |
__ |
| a |
Код страны публикации |
RU |
| 080 |
Индекс УДК |
__ |
| a |
Индекс УДК |
004(075.8) |
| 084 |
Индекс другой классификации/Индекс ББК |
__ |
| 2 |
Источник индекса |
rubbk |
| a |
Индекс другой классификации/Индекс ББК |
32.81я73 |
| 100 |
Автор |
__ |
| a |
Автор |
Поляков В. П. |
| q |
Полное имя |
Поляков Виктор Павлович |
| 245 |
Заглавие |
__ |
| a |
Заглавие |
Экономическая информатика |
| b |
Продолж. заглавия |
учебник и практикум для вузов |
| c |
Ответственность |
В. П. Поляков [и др.] ; под редакцией В. П. Полякова. |
| 250 |
Сведения об издании |
__ |
| a |
Основные сведения об издании |
2-е изд. |
| 256 |
Характеристики компьютерного файла |
__ |
| a |
Характеристики компьютерного файла |
Электрон. дан. |
| 260 |
Выходные данные |
__ |
| a |
Место издания |
Москва |
| b |
Издательство |
Юрайт |
| c |
Дата издания |
2026 |
| 300 |
Физическое описание |
__ |
| a |
Объем |
515 с |
| 440 |
Серия |
__ |
| a |
Серия |
Высшее образование |
| 500 |
Примечания |
__ |
| a |
Примечание |
URL: https://urait.ru/bcode/583259 (дата обращения: 29.04.2026). |
| 520 |
Аннотация |
__ |
| a |
Аннотация |
В курсе рассматриваются основные аспекты процессов информатизации и формирования информационного общества, теоретические основы, понятия и определения информатики и экономической информатики, техническая и программная база информационных систем и технологий, базовые информационные технологии для решения экономических и управленческих задач. Соответствует актуальным требованиям федерального государственного образовательного стандарта высшего образования. Для студентов, аспирантов и преподавателей экономических вузов. |
| 538 |
Прим. о системных особенностях |
__ |
| a |
Прим. о системных особенностях |
Режим доступа: Электронно-библиотечная система Юрайт, для авториз. пользователей |
| 653 |
Ключевые слова |
__ |
| a |
Ключевые слова |
Информационные технологии в отдельных отраслях |
| 653 |
Ключевые слова |
__ |
| a |
Ключевые слова |
Компьютерные и информационные науки |
| 653 |
Ключевые слова |
__ |
| a |
Ключевые слова |
Информатика |
| 653 |
Ключевые слова |
__ |
| a |
Ключевые слова |
Информатика и информационные технологии |
| 653 |
Ключевые слова |
__ |
| a |
Ключевые слова |
Информационные системы |
| 653 |
Ключевые слова |
__ |
| a |
Ключевые слова |
Информационные системы в экономике |
| 653 |
Ключевые слова |
__ |
| a |
Ключевые слова |
Информационные системы и технологии в логистике и управлении цепями поставок |
| 653 |
Ключевые слова |
__ |
| a |
Ключевые слова |
Информатика и основы компьютерных технологий |
| 653 |
Ключевые слова |
__ |
| a |
Ключевые слова |
Информатика, в т.ч. современные информационные технологии |
| 653 |
Ключевые слова |
__ |
| a |
Ключевые слова |
Информатика и информационные технологии в профессиональной деятельности |
| 653 |
Ключевые слова |
__ |
| a |
Ключевые слова |
Основы информатики |
| 653 |
Ключевые слова |
__ |
| a |
Ключевые слова |
Компьютерные технологии и информатика |
| 653 |
Ключевые слова |
__ |
| a |
Ключевые слова |
Экономическая информатика |
| 653 |
Ключевые слова |
__ |
| a |
Ключевые слова |
Информатика и современные информационные технологии |
| 653 |
Ключевые слова |
__ |
| a |
Ключевые слова |
Введение в информатику |
| 653 |
Ключевые слова |
__ |
| a |
Ключевые слова |
Экономические информационные системы |
| 653 |
Ключевые слова |
__ |
| a |
Ключевые слова |
Информатика и цифровые технологии |
| 653 |
Ключевые слова |
__ |
| a |
Ключевые слова |
Информатика в экономике |
| 653 |
Ключевые слова |
__ |
| a |
Ключевые слова |
Информатика, современные информационные технологии |
| 653 |
Ключевые слова |
__ |
| a |
Ключевые слова |
Информатика и компьютерные технологии |
| 653 |
Ключевые слова |
__ |
| a |
Ключевые слова |
Основы информационных систем |
| 653 |
Ключевые слова |
__ |
| a |
Ключевые слова |
Правовые основы прикладной информатики в экономике |
| 653 |
Ключевые слова |
__ |
| a |
Ключевые слова |
Информатика и ИКТ |
| 653 |
Ключевые слова |
__ |
| a |
Ключевые слова |
Информатика и современные компьютерные технологии |
| 653 |
Ключевые слова |
__ |
| a |
Ключевые слова |
Информатика и ИТ |
| 653 |
Ключевые слова |
__ |
| a |
Ключевые слова |
Информатика и основы информационных технологий |
| 653 |
Ключевые слова |
__ |
| a |
Ключевые слова |
Информатика и информационные профессиональные технологии |
| 653 |
Ключевые слова |
__ |
| a |
Ключевые слова |
Информатика и информационные технологии в профессиональной деятельности (лабораторный практикум) |
| 653 |
Ключевые слова |
__ |
| a |
Ключевые слова |
Экономика информатики |
| 653 |
Ключевые слова |
__ |
| a |
Ключевые слова |
Информационные технологии (информатика) |
| 653 |
Ключевые слова |
__ |
| a |
Ключевые слова |
Информатика и ИКТ в ПД |
| 700 |
Другие авторы |
__ |
| a |
Другие авторы |
Цветкова О. Н. |
| q |
Полное имя |
Цветкова Ольга Николаевна |
| 700 |
Другие авторы |
__ |
| a |
Другие авторы |
Завгородний В. И. |
| q |
Полное имя |
Завгородний Виктор Иванович |
| 700 |
Другие авторы |
__ |
| a |
Другие авторы |
Голубева Н. Н. |
| q |
Полное имя |
Голубева Наталья Николаевна |
| 700 |
Другие авторы |
__ |
| a |
Другие авторы |
Кижнер А. И. |
| q |
Полное имя |
Кижнер Анна Иосифовна |
| 700 |
Другие авторы |
__ |
| a |
Другие авторы |
Косарев В. П. |
| q |
Полное имя |
Косарев Василий Петрович |
| 700 |
Другие авторы |
__ |
| a |
Другие авторы |
Куприянов Д. В. |
| q |
Полное имя |
Куприянов Дмитрий Васильевич |
| 700 |
Другие авторы |
__ |
| a |
Другие авторы |
Магомедов Р. М. |
| q |
Полное имя |
Магомедов Рамазан Магомедович |
| 700 |
Другие авторы |
__ |
| a |
Другие авторы |
Миронова И. В. |
| q |
Полное имя |
Миронова Ирина Васильевна |
| 700 |
Другие авторы |
__ |
| a |
Другие авторы |
Ниматулаев М. М. |
| q |
Полное имя |
Ниматулаев Магомедхан Магомедович |
| 700 |
Другие авторы |
__ |
| a |
Другие авторы |
Порохина И. Ю. |
| q |
Полное имя |
Порохина Ирина Юрьевна |
| 700 |
Другие авторы |
__ |
| a |
Другие авторы |
Савина С. В. |
| q |
Полное имя |
Савина Светлана Владимировна |
| 856 |
Электронный адрес документа |
40 |
| n |
Местонахождение сервера |
Юрайт |
| g |
|
Электронная книга |
| q |
Тип электронного формата |
html |
| h |
Имя пользователя |
ЮРАЙТ |
| v |
Часы доступа к ресурсу |
20271231 |
| 2 |
Способ доступа |
Показать документ |
| x |
Служебное примечание |
https://urait.ru/book/cover/89AE5EC5-73C1-40BE-B04E-A2C0FAE6251C |
| u |
URL |
https://urait.ru/bcode/583259 |
| 856 |
Электронный адрес документа |
48 |
| q |
Тип электронного формата |
cover |
| u |
URL |
https://urait.ru/book/cover/89AE5EC5-73C1-40BE-B04E-A2C0FAE6251C |
| 911 |
|
__ |
| u |
|
0030=https://urait.ru/bcode/583259 |
| 911 |
|
__ |
| u |
|
073a=9785534160796 |
| u |
|
073d=2619.00 |
| 911 |
|
__ |
| u |
|
106a=s |
| 911 |
|
__ |
| u |
|
900l= |
| 952 |
Тип литературы |
__ |
| i |
Дисциплина |
Информатика |
| 952 |
Тип литературы |
__ |
| i |
Дисциплина |
Информатика и информационные технологии |
| 952 |
Тип литературы |
__ |
| i |
Дисциплина |
Информационные системы |
| 952 |
Тип литературы |
__ |
| i |
Дисциплина |
Информационные системы в экономике |
| 952 |
Тип литературы |
__ |
| i |
Дисциплина |
Информационные системы и технологии в логистике и управлении цепями поставок |
| 952 |
Тип литературы |
__ |
| i |
Дисциплина |
Информатика и основы компьютерных технологий |
| 952 |
Тип литературы |
__ |
| i |
Дисциплина |
Информатика, в т.ч. современные информационные технологии |
| 952 |
Тип литературы |
__ |
| i |
Дисциплина |
Информатика и информационные технологии в профессиональной деятельности |
| 952 |
Тип литературы |
__ |
| i |
Дисциплина |
Основы информатики |
| 952 |
Тип литературы |
__ |
| i |
Дисциплина |
Компьютерные технологии и информатика |
| 952 |
Тип литературы |
__ |
| i |
Дисциплина |
Экономическая информатика |
| 952 |
Тип литературы |
__ |
| i |
Дисциплина |
Информатика и современные информационные технологии |
| 952 |
Тип литературы |
__ |
| i |
Дисциплина |
Введение в информатику |
| 952 |
Тип литературы |
__ |
| i |
Дисциплина |
Экономические информационные системы |
| 952 |
Тип литературы |
__ |
| i |
Дисциплина |
Информатика и цифровые технологии |
| 952 |
Тип литературы |
__ |
| i |
Дисциплина |
Информатика в экономике |
| 952 |
Тип литературы |
__ |
| i |
Дисциплина |
Информатика, современные информационные технологии |
| 952 |
Тип литературы |
__ |
| i |
Дисциплина |
Информатика и компьютерные технологии |
| 952 |
Тип литературы |
__ |
| i |
Дисциплина |
Основы информационных систем |
| 952 |
Тип литературы |
__ |
| i |
Дисциплина |
Правовые основы прикладной информатики в экономике |
| 952 |
Тип литературы |
__ |
| i |
Дисциплина |
Информатика и ИКТ |
| 952 |
Тип литературы |
__ |
| i |
Дисциплина |
Информатика и современные компьютерные технологии |
| 952 |
Тип литературы |
__ |
| i |
Дисциплина |
Информатика и ИТ |
| 952 |
Тип литературы |
__ |
| i |
Дисциплина |
Информатика и основы информационных технологий |
| 952 |
Тип литературы |
__ |
| i |
Дисциплина |
Информатика и информационные профессиональные технологии |
| 952 |
Тип литературы |
__ |
| i |
Дисциплина |
Информатика и информационные технологии в профессиональной деятельности (лабораторный практикум) |
| 952 |
Тип литературы |
__ |
| i |
Дисциплина |
Экономика информатики |
| 952 |
Тип литературы |
__ |
| i |
Дисциплина |
Информационные технологии (информатика) |
| 952 |
Тип литературы |
__ |
| i |
Дисциплина |
Информатика и ИКТ в ПД |